Dutch cities - sudden death - Statistics

General Stats
  • This quiz has been taken 963 times
  • The average score is 15 of 17
Answers on the Grid
Answers color-coded by a green-red scale on the quiz's grid according to % correct below.
Liege
Rotterdam
Arnhem
Eindhoven
Utrecht
Dresden
Alkmaar
Austin
Haarlem
Tunis
Tallinn
Gothenburg
Jakarta
Tilburg
Sheffield
Cardiff
Chitungwiza
Amsterdam
Nijmegen
Groningen
Apeldoorn
Žilina
Hoofddorp
Zwolle
Delft
Garoua
The Hague
Neuquén
Shanghai
Daejeon
Gouda
Leiden
 
Answer Stats
Answer % Correct
Rotterdam
97%
Utrecht
95%
Amsterdam
93%
Eindhoven
93%
Haarlem
88%
The Hague
88%
Groningen
87%
Alkmaar
86%
Arnhem
86%
Zwolle
83%
Apeldoorn
82%
Leiden
82%
Nijmegen
82%
Hoofddorp
80%
Delft
78%
Gouda
78%
Tilburg
75%
No matching quizzes found
Score Distribution
Percent of People with Each Score
Percentile by Number Answered
Your Score History
You have not taken this quiz